Statistics for 山手線の駅 - 反時計回り

Click here to take the quiz!

General Stats

  • This quiz has been taken 45 times
  • The average score is 27 of 30

Answers on the Map

Answers color-coded by a green-red scale on the quiz's map according to % correct below.
 

Answer Stats

% Correct
鶯谷
100%
東京
100%
神田
100%
秋葉原
100%
御徒町
100%
上野
100%
日暮里
97%
西日暮里
97%
大塚
95%
田端
95%
巣鴨
95%
駒込
92%
池袋
89%
目白
89%
新大久保
89%
新宿
89%
代々木
89%
目黒
89%
高田馬場
89%
高輪ゲートウェイ
87%
品川
87%
大崎
87%
原宿
87%
渋谷
87%
恵比寿
87%
五反田
84%
田町
82%
有楽町
79%
新橋
79%
浜松町
79%

Score Distribution

Percentile by Number Answered

Percent of People with Each Score

Your Score History

You have not taken this quiz